| 000 | 00570nam a2200193 i 4500 | ||
|---|---|---|---|
| 001 | bg | ||
| 245 | 0 |
_aKodeks handlowy : _bspółka akcyjna / _cMaurycy Allerhand [komentarz] ; [oprac. Robert Zapiór]. |
|
| 260 |
_aBielsko-Biała : _bWydaw. "STO", _c1993. |
||
| 300 |
_a353, [1] s. ; _c21 cm. |
||
| 700 | 1 |
_aAllerhand, Maurycy _d(1868-1942). |
|
| 700 | 1 |
_aZapiór, Robert. _eOprac. |
|
| 020 | _a8390099322 | ||
| 040 | _cBPK | ||
| 041 | _apol | ||
| 080 | _a347.725(094.4)(438) | ||
| 920 | _a83-900993-2-2 | ||
| 942 | _cKS | ||
| 008 | s pl f |000 0 pol | ||
| 999 |
_c29915 _d29915 |
||
| 856 |
_uhttp://koha.tu.koszalin.pl/cgi-bin/koha/opac-detail.pl?biblionumber=29915 _yKatalog online BPK |
||